| Tag |
First Indicator |
Second Indicator |
Subfields |
| LEADER |
00000cam a22000001 4500 |
| 001 |
in00000074404 |
| 005 |
20151008052605.0 |
| 008 |
740813s1966 ilu b 00010 eng |
| 010 |
|
|
|a 67000421
|
| 035 |
|
|
|a (OCoLC)00410966
|
| 035 |
|
|
|9 AAH4024AM
|
| 040 |
|
|
|a DLC
|c DLC
|d TXA
|d UtOrBLW
|
| 043 |
|
|
|a a-cc---
|
| 049 |
|
|
|a TXAM
|c [469792]
|
| 050 |
0 |
0 |
|a DS740.4
|b .H27
|
| 082 |
0 |
|
|a 341.672
|
| 092 |
|
|
|a 341.672
|b H195c
|
| 100 |
1 |
|
|a Halperin, Morton H.
|
| 245 |
1 |
0 |
|a China and nuclear proliferation /
|c [by] Morton H. Halperin.
|
| 264 |
|
1 |
|a [Chicago] :
|b University of Chicago Center for Policy Study,
|c [1966]
|
| 264 |
|
4 |
|c [©1966]
|
| 300 |
|
|
|a 48 pages ;
|c 26 cm.
|
| 336 |
|
|
|a text
|b txt
|2 rdacontent
|
| 337 |
|
|
|a unmediated
|b n
|2 rdamedia
|
| 338 |
|
|
|a volume
|b nc
|2 rdacarrier
|
| 500 |
|
|
|a "Formed the basis for a faculty-student seminar ... in the spring of 1966 at the University of Chicago under the auspices of the Center for Policy Study."
|
| 504 |
|
|
|a Bibliographical footnotes.
|
| 650 |
|
0 |
|a Nuclear disarmament.
|
| 651 |
|
0 |
|a China
|x Foreign relations.
|
| 710 |
2 |
|
|a University of Chicago.
|b Center for Policy Study.
|
| 999 |
|
|
|a MARS
|
| 999 |
f |
f |
|s 104c0ab4-c5eb-365a-aa43-5b70714aa2bf
|i aa17c06f-89f9-3f67-8cd9-7865f023e34f
|t 0
|
| 952 |
f |
f |
|p ric
|a Texas A&M University
|b Rellis Campus
|c Joint Library Facility
|d Remote Storage
|t 0
|e DS740.4 .H27
|h Library of Congress classification
|i unmediated -- volume
|m A14800785518
|
| 998 |
f |
f |
|a DS740.4 .H27
|t 0
|l Remote Storage
|